000 00431nam a2200181Ia 4500
001 11466
005 20260306162830.0
008 260306t2014||||xx |||||||||||||| ||spa||
041 _aESP
082 _a985.06
_bG24
100 _aGarcía Belaunde, Víctor Andrés
_eAUT
245 0 _aEl expediente Prado
260 _c2014
300 _a663 páginas :
_c24 cm.
650 _aGEN
654 _aCHU
942 _cLIB
_dJUS
_fJUS
_2ddc
_n
999 _c11466
_d11466